An Ottoman tragedy : history and historiography at play /
Main Author:
Format: Book
Language: English
Published:
Berkeley, CA :
University of California Press,
c2003.
Series:
Studies on the history of society and culture ;
50.
Subjects:
Tags: Add Tag
Call Number: DR438.8 .P58 2003
| LEADER | 01099namaa2200301 4500 | ||
|---|---|---|---|
| 001 | 12277 | ||
| 003 | OSt | ||
| 005 | 20240924124506.0 | ||
| 008 | 130303s2003 cau b 001 0 eng d | ||
| 952 | |0 0 |1 0 |2 lcc |4 0 |6 DR04388 P58 02003 |7 1 |9 11584 |a ARCE |b ARCE |d 2021-04-05 |l 0 |o DR438.8 .P58 2003 |p 1015813 |r 2021-04-05 00:00:00 |w 2021-04-05 |y BK | ||
| 999 | |c 10733 |d 10733 | ||
| 010 | |a 2002152983 | ||
| 020 | |a 0520238362 | ||
| 040 | |c ARCE Library | ||
| 043 | |a a-tu--- | ||
| 050 | 4 | |a DR438.8 .P58 2003 | |
| 100 | 1 | |a Piterberg, Gabriel, |d 1955- |e author |9 37698 | |
| 245 | 1 | 3 | |a An Ottoman tragedy : |b history and historiography at play / |c Gabriel Piterberg. |
| 264 | 1 | |a Berkeley, CA : |b University of California Press, |c c2003. | |
| 300 | |a xv, 256 pages ; |c 24 cm. | ||
| 490 | 1 | |a Studies on the history of society and culture ; |v 50. | |
| 504 | |a Includes bibliographical references (pages 233-241) and index. | ||
| 555 | |a .alaa-sweed | ||
| 650 | 0 | |a Historiography |z Turkey. | |
| 651 | 0 | |a Turkey |x History. | |
| 830 | 0 | |a Studies on the history of society and culture ; |v 50. | |
| 901 | |a reviewed | ||
| 942 | |c BK |2 lcc | ||
